Thiago Motta's Bologna - Statistics

General Stats
  • This quiz has been taken 9 times
  • The average score is 24 of 43
Answer Stats
Rank Player Position Nationality Matches Goals Assists % Correct
12 Dan Ndoye Right Winger 34 2 2
100%
6 Jhon Lucumí Centre-Back 61 0 2
100%
7 Joshua Zirkzee Centre-Forward 57 14 9
100%
3 Lewis Ferguson Central Midfield 65 13 5
100%
5 Riccardo Orsolini Right Winger 64 21 7
100%
9 Charalampos Lykogiannis Left-Back 43 4 1
89%
2 Lukasz Skorupski Goalkeeper 66 0 0
89%
10 Remo Freuler Central Midfield 34 1 1
89%
13 Sam Beukema Centre-Back 33 2 1
89%
4 Stefan Posch Centre-Back 64 7 4
89%
35 Federico Ravaglia Goalkeeper 8 0 0
78%
27 Marko Arnautovic Centre-Forward 17 4 0
78%
1 Michel Aebischer Central Midfield 68 1 2
78%
8 Nikola Moro Defensive Midfield 54 3 5
78%
15 Alexis Saelemaekers Right Winger 32 4 3
67%
19 Giovanni Fabbian Attacking Midfield 29 5 2
67%
34 Jens Odgaard Attacking Midfield 10 2 0
67%
20 Lorenzo De Silvestri Right-Back 28 3 0
67%
16 Nicolás Domínguez Central Midfield 31 3 2
67%
26 Oussama El Azzouzi Defensive Midfield 20 2 2
67%
37 Santiago Castro Centre-Forward 8 1 1
67%
17 Musa Barrow Left Winger 30 2 8
56%
43 Nicola Bagnolini Goalkeeper 1 0 0
56%
14 Riccardo Calafiori Left-Back 33 2 5
56%
11 Victor Kristiansen Left-Back 34 0 4
56%
23 Gary Medel Centre-Back 24 0 0
44%
30 Georgios Kyriakopoulos Left-Back 12 0 2
44%
36 Jesper Karlsson Left Winger 8 0 0
44%
25 Adama Soumaoro Centre-Back 21 0 0
33%
18 Jerdy Schouten Defensive Midfield 29 0 2
33%
22 Kacper Urbanski Central Midfield 25 0 1
33%
28 Nicola Sansone Left Winger 15 4 2
33%
21 Andrea Cambiaso Left-Back 27 0 3
22%
41 Antonio Raimondo Centre-Forward 2 0 0
22%
42 Denso Kasius Right-Back 2 0 0
22%
39 Emanuel Vignato Right Winger 4 0 1
22%
32 Joaquín Sosa Centre-Back 11 0 0
22%
29 Kevin Bonifazi Centre-Back 13 0 0
22%
24 Roberto Soriano Attacking Midfield 23 1 2
22%
33 Sydney van Hooijdonk Centre-Forward 11 1 0
22%
31 Tommaso Corazza Left-Back 12 1 0
22%
40 Francesco Bardi Goalkeeper 2 0 0
11%
38 Niklas Pyyhtiä Central Midfield 8 0 1
11%
No matching quizzes found
Score Distribution
Percent of People with Each Score
Percentile by Number Answered
Your Score History
You have not taken this quiz